| 000 | 00971nam a2200181 a 4500 | ||
|---|---|---|---|
| 008 | 120416s1984 ||||||||||||||||| || u | ||
| 050 | _aQC 33 Bha | ||
| 100 | _aBhattacharya, C. K | ||
| 245 | 1 | 0 | _aUniversity practical physics |
| 246 | _awith viva-voce | ||
| 260 |
_aNew Delhi _bCBS Publishers _c1984 |
||
| 300 | _aIn various pagings : ill | ||
| 350 | _a0.00 | ||
| 995 |
_aBINDERY (DAMAGED) _D0.00 _e726210 _FCBU-MAIN LIBRARY (Kitwe) _H2 _I4000.00 _jQC 33 Bha _M4 _UDAMAGED _y012141 _ZMain Library Open Access Collection |
||
| 995 |
_aBINDERY (DAMAGED) _D0.00 _e726208 _FCBU-MAIN LIBRARY (Kitwe) _H3 _I4000.00 _jQC 33 Bha _M1 _UDAMAGED _y012138 _ZMain Library Open Access Collection |
||
| 995 |
_aBINDERY (DAMAGED) _D0.00 _e726209 _FCBU-MAIN LIBRARY (Kitwe) _H1 _I4000.00 _jQC 33 Bha _M2 _UDAMAGED _y012139 _ZMain Library Open Access Collection |
||
| 995 |
_aBINDERY (DAMAGED) _D0.00 _e726207 _FCBU-MAIN LIBRARY (Kitwe) _H4 _I4000.00 _jQC 33 Bha _M3 _UDAMAGED _y012140 _ZMain Library Open Access Collection |
||
| 999 |
_c78519 _d78519 |
||